Exploring 3D modeling with maya 7

Bibliographic Details
Main Author: Beckmann, Patricia
Other Authors: Wells, Scott
Format: Book
Language:English
Published: Australia : Thomson , 2007
Edition:2nd ed.
Series:Design exploring series
Subjects:

MARC

LEADER 00000cam a2200000 7i4500
001 0000020063
005 20090107.0
008 081201s at a i eng
020 |a 9781418016128 
040 |a INS 
090 0 0 |a TR897.7   |b B43 2007 
100 1 |a Beckmann, Patricia 
245 1 0 |a Exploring 3D modeling with maya 7   |c Patricia Beckmann,Scott Wells 
250 |a 2nd ed. 
260 |a Australia :   |b Thomson ,   |c 2007 
300 |a xviii, 433p. :   |b ill.col. ;   |c 23cm +Cd. 
440 0 |a Design exploring series 
500 |a Includes index 
650 0 0 |a Computer animation 
650 0 0 |a Maya (Computer file) 
650 0 0 |a Three-dimensional display systems 
700 1 |a Wells, Scott 
999 |a 0000020330   |b BOOK   |c Open Shelf   |e Default branch